XI., XII. ve XIII. yüzyıllarda resimli Türk paraları /

محفوظ في:

المؤلف الرئيسي: Butak, Behzad (مؤلف)

التنسيق: كتاب

اللغة: Turkish

منشور في: Istanbul : Pulhan Matbaası, 1947.

الموضوعات:

الوسوم: إضافة وسم

لا توجد وسوم, كن أول من يضع وسما على هذه التسجيلة!

رقم الطلب: CJ3384 .B8 1947

LEADER 00839namaa2200253 4500
001 1401
003 OSt
005 20251109073427.0
008 130303s1947 tu abc 000 0 tur d
035 |a tmp00550562 
040 |c ARCE Library 
043 |a a-tu--- 
050 4 |a CJ3384 .B8 1947 
100 1 |a Butak, Behzad,  |e author  |9 27585 
245 1 0 |a XI., XII. ve XIII. yüzyıllarda resimli Türk paraları /   |c derleyen: Behzad Butak. 
246 3 |a 11., 12., ve 13. yüzyıllarda resimli Türk paraları. 
246 3 |a Onbirinci, onikinci ve onüçüncü yüzyıllarda resimli Türk paraları. 
264 1 |a Istanbul :  |b Pulhan Matbaası,  |c 1947. 
300 |a 140 pages :  |b illustrations, port., map, tables ;  |c 26 cm. 
650 0 |a Coins, Turkish. 
740 0 |a Resimli Türk paraları. 
901 |a reviewed 
942 |c BK  |2 lcc 
999 |c 1761  |d 1761